000 00238nam a2200097Ia 4500
001 1250625
005 20251031150859.0
008 251031s9999 xx 000 0 und d
245 0 _cMETE YARAR
_aD-2 OYUNUN SONU
260 _bDESTEK YAYINLARI
999 _c1250625
_d1250625